İstiklâl Harbinde Bolşeviklerle sekiz ay, 1920-1921. (Record no. 45043)

MARC details
000 -LEADER
fixed length control field 00577cam a22002171 4500
001 - CONTROL NUMBER
control field ne 62000341
003 - CONTROL NUMBER IDENTIFIER
control field DLC
005 - DATE AND TIME OF LATEST TRANSACTION
control field 20260227111734.0
008 - FIXED-LENGTH DATA ELEMENTS--GENERAL INFORMATION
fixed length control field 810619s1948 tu a 000 0 tur
010 ## - LIBRARY OF CONGRESS CONTROL NUMBER
LC control number ne 62000341
035 ## - SYSTEM CONTROL NUMBER
System control number (OCoLC)7515447
040 ## - CATALOGING SOURCE
Original cataloging agency DLC
Transcribing agency CLU
Modifying agency DLC
042 ## - AUTHENTICATION CODE
Authentication code premarc
043 ## - GEOGRAPHIC AREA CODE
Geographic area code a-tu---
050 00 - LIBRARY OF CONGRESS CALL NUMBER
Classification number DR589
Item number .U4
100 1# - MAIN ENTRY--PERSONAL NAME
Personal name Ünüvar, Veysel.
245 10 - TITLE STATEMENT
Title İstiklâl Harbinde Bolşeviklerle sekiz ay, 1920-1921.
260 ## - PUBLICATION, DISTRIBUTION, ETC.
Place of publication, distribution, etc. İstanbul,
Date of publication, distribution, etc. 1948.
300 ## - PHYSICAL DESCRIPTION
Extent 87 p.
Other physical details illus.
Dimensions 20 cm.
651 #0 - SUBJECT ADDED ENTRY--GEOGRAPHIC NAME
Geographic name Turkey
General subdivision History
Chronological subdivision Revolution, 1918-1923.

No items available.

Powered by Koha